000 00645nam a2200217 a 4500
001 000009749
003 DO-SdBNP
005 20240207123018.0
008 091001s1992 xx a r 000 p spa d
040 _aDO-SdBNP
_bspa
_cBPMSU
082 4 _aRD861.44
_bC355e 1992
_222
100 1 _aCastro, Tomás,
_d1959-
245 1 0 _aEpigramas del encubrimiento de América /
_cTomás Castro.
260 _aSanto Domingo :
_bMambrú,
_c1992.
300 _a135 p. ;
_c21 cm.
_b
590 _aInventariado, 2024/VM
650 4 _aPoesía dominicana
650 4 _aLiteratura dominicana.
910 _aVMateo V. Control de calidad. BPMSU
942 _2ddc
_cBK
999 _c14559
_d14559